Quiz su Saint-Martin - Statistics

Statistiche generali
  • Questo quiz è stato fatto 4 volte
  • Il punteggio medio è 10 su 14
Statistiche sulle risposte
Definizione Risposta % Corretto
Capo di Stato Emmanuel Macron
100%
Lingua Ufficiale Francese
100%
Saint-Martin è una dipendenza di questo Stato Francia
100%
Fino al 2007 Saint-Martin faceva parte di quest'altro territorio d'oltremare Guadalupa
100%
Inglese
100%
Altre lingue parlate Olandese
100%
Saint-Martin si trova nella parte settentrionale di quest'isola; la parte meridionale è una dipendenza di questo Stato, che prende il nome di Sint Maarten Paesi Bassi
100%
Gruppo di isole di cui l'isola di sopra fa parte Piccole Antille
100%
Moneta Euro
67%
Isola su cui si trova Saint-Martin Saint Martin
67%
Spagnolo
67%
Papiamento
33%
Capitale Marigot
0%
Animale presente sullo stemma Pellicano
0%
Nessun quiz corrispondente trovato
Distribuzione punteggi
Percentuale di utenti per punteggio
Percentile per numero di risposta
I tuoi punteggi nel tempo
Non hai fatto questo quiz